header

The measure of our days (Record no. 240635)

MARC details
000 -LEADER
fixed length control field 01775nam a2200385 a 4500
082 04 - DEWEY DECIMAL CLASSIFICATION NUMBER
Classification number 976.2/063
100 1# - MAIN ENTRY--AUTHOR NAME
Personal name Winter, William F.
245 14 - TITLE STATEMENT
Title The measure of our days
250 ## - EDITION STATEMENT
Edition statement 1st ed.
260 ## - PUBLICATION, DISTRIBUTION, ETC. (IMPRINT)
Place of publication [Jackson, Miss.] :
Name of publisher William Winter Institute for Racial Reconciliation :
-- Distributed by University Press of Mississippi,
Year of publication 2006.
300 ## - PHYSICAL DESCRIPTION
Number of Pages xxxiii, 228 p. :
Other physical details ill.
505 0# - FORMATTED CONTENTS NOTE
Formatted contents note Government -- Politics and leadership -- Justice and the law -- Civic responsibility -- Education -- Literature and history -- Mississippi and the South -- The measure of our days.
700 1# - ADDED ENTRY--PERSONAL NAME
Personal name Mullins, Andrew P.,
856 40 - ELECTRONIC LOCATION AND ACCESS
Uniform Resource Identifier http://site.ebrary.com/lib/rucke/Doc?id=10218411

No items available.

© 2026 Rongo University
Contact us: librarian | system librarian | Rongo university